000 01270nam a2200349 i 4500
001 197935
003 ES-MaACL
005 20251217063027.0
008 251105b2019 ag ||||| |||| 00| 0 spa d
020 _a978-950-649-872-6
040 _bspa
_cES-MaACL
_aES-MaACL
_erda
080 _a316.46:32
100 1 _9242480
_aPetros, Ana
_eaut
245 1 0 _aPolítica, democracia, liderazgo :
_b¿efectos del inconsciente? /
_cAna Petros
250 _aPrimera edición: septiembre 2019
264 1 _aBuenos Aires :
_bLetra Viva,
_c2019
264 4 _a©2019
300 _a94 páginas ;
_c19 cm
336 _2rdacontent
_atexto
337 _2rdamedia
_asin mediación
338 _2rdacarrier
_avolumen
490 0 _aEnsayo psicoanalítico
500 _aEjemplar firmado y dedicado por la autora
504 _aBibliografía: páginas 93-94. Índice
650 4 _2embne
_914457
_aLiderazgo
650 4 _aPolítica
_9140345
852 _aES-MaACL
_cDEPO1
_jA-15889
_gDedicatoria autógrafa de la autora
_hDonación: Ana Petros
_xEncuadernación rústica con solapas
_9206991
942 _cMONOGRAFIA
_n0
999 _c197935
_d197935